000 01189nam a2200289 c 4500
003 BLK
005 20180422101949.0
008 180408b bul|||||r ||||||| ||bul||
010 _aKNG00060076000
020 _a954-568-009-1
_bиздат.: Люрен
040 _aBLK
041 _aBUL
_cBUL
080 _aИкономическа наука. Основни понятия на икономическата теория. Стойност. Капитал. Фондове
_b330.1
_x(091)
_z330.1(091)
100 1 _aМечев, Стефан Апостолов
_eпърви автор
_9369261
139 _aМечев, Стефан Апостолов
_bМ 52
245 1 0 _aОсновни етапи в историята на икономическите теории
_bИзследване
_cСтефан Апостолов Мечев.
257 _aBGR
260 София
_bЛюрен
_c1993
300 _a232 с.
_c24 см
380 _a3
650 4 _aИкономически учения - история
_9241561
852 _aЦб 179480
856 4 _qpdf
_u
856 4 _qpdf
_u
942 _cKNG
_n0
944 _aCR
_c13.06.2004
_kЧиталня
944 _aED
_c27.08.2015
_kГеновева_Генчева
999 _c56099
_d56099